آ ہينہ تنقيد (مضا مين) (Record no. 177930)

MARC details
000 -LEADER
fixed length control field 00648nam a22001937a 4500
005 - DATE AND TIME OF LATEST TRANSACTION
control field 20210310162158.0
010 ## - LCCN (DPL NO)
LC control number UR-11065
020 ## - INTERNATIONAL STANDARD BOOK NUMBER
Terms of availability 280.00
International Standard Book Number -
035 ## - SYSTEM CONTROL NUMBER
System control number U-9620
037 ## - SOURCE OF ACQUISITION
Source of stock number/acquisition DBAD/PUB
082 ## - DEWEY DECIMAL CLASSIFICATION NUMBER
Classification number 844
100 ## - MAIN ENTRY--PERSONAL NAME
Personal name عبد المتين جا می
245 ## - TITLE STATEMENT
Title آ ہينہ تنقيد (مضا مين)
Statement of responsibility, etc عبد المتين جا می
246 ## - VARYING FORM OF TITLE
Remainder of title Aaina-e-Tanqeed Essay) (Urdu)
Title proper/short title by Abdul Matin Jami
260 ## - PUBLICATION, DISTRIBUTION, ETC. (IMPRINT)
Place of publication, distribution, etc N.Delhi
Date of publication, distribution, etc 2020 ء
Name of publisher, distributor, etc Educational Publishing House
270 ## - ADDRESS
Address 3191,Vakil Street,Kucha Pandit Lal Kuan,
City Delhi
Postal code 110006
Fax number 45678203
300 ## - PHYSICAL DESCRIPTION
Extent 200 ص
Dimensions 22 Cm(Hb)
942 ## - ADDED ENTRY ELEMENTS (KOHA)
Source of classification or shelving scheme Dewey Decimal Classification
Item type Urdu Bks
Classification part 844
Call number suffix ج ا م
Holdings
Withdrawn status Lost status Not for loan Collection code Home library Current library Date acquired Source of acquisition Cost, normal purchase price Full call number Barcode Copy number Cost, replacement price Koha item type
      Non-fiction D.B.Act.Division Central Library 10/03/2021 DBAD/PUB 280.00 844 ج ا م U-9620 1 280.00 Urdu Bks

© Delhi Public Library
Hit Counter
free hit counter